000 03653cam a22002894a 4500
001 16542075
005 20141221133747.0
008 101117s2011 xxka frb f001 0 eng d
010 _a2010049116
020 _a9780521763172 (hardback)
020 _a0521763177 (hardback)
035 _a(OCoLC)ocn668195763
040 _aDLC
_cDLC
_dYDX
_dBTCTA
_dYDXCP
_dCDX
_dDLC
_dEG-ScBUE
082 0 0 _a621.384
_222
_bREL
245 0 0 _aReliable communications for short-range wireless systems /
_cedited by Ismail Guvenc ... [et al.]
260 _aCambridge, United Kingdom ;
_aNew York, United States :
_bCambridge University Press,
_c2011.
300 _axiii, 411 p. :
_bill. ;
_c26 cm.
500 _aIndex : p. 407-411.
504 _aIncludes bibliographical references.
505 8 _aMachine generated contents note : 1. Short range wireless communications and reliability Ismail Guvenc, Sinan Gezici, Zafer Sahinoglu and Ulas C. Kozat ; Part I. High-Rate Systems : 2. High-rate UWB and 60 GHz communications Sinan Gezici and Ismail Guvenc ; 3. Channel estimation for high-rate systems Zhongjun Wang, Yan Xin and Xiaodong Wang ; 4. Adaptive modulation and coding for high-rate systems Ruonan Zhang and Lin Cai ; 5. MIMO techniques for high-rate communications Wasim Q. Malik and Andre ; Pollok ; Part II. Low-Rate Systems : 6. ZigBee networks and low-rate UWB communications Zafer Sahinoglu and Ismail Guvenc ; 7. Impact of channel estimation on the reliability Harry Sheng ; 8. Interference mitigation and awareness for improved reliability Huseyin Arslan, Serhan Yarkan, Mustafa E. Sahin and Sinan Gezici ; 9. Characterization of Wi-Fi interference for dynamic channel allocation in WPANs Federico Penna, Claudio Pastrone, Hussein Khaleel, Maurizio A. Spirito and Roberto Garello ; 10. Energy saving in low-rate systems Myung J. Lee and Tae Rim Park; Part III. Selected Topics for Improved Reliability : 11. Cooperative communications for reliability Andreas F. Molisch, Stark C. Draper and Neelesh B. Mehta; 12. Reliability through relay selection in cooperative networks Ramy Abdallah Tannious and Aria Nosratinia ; 13. Fundamental performance limits in wideband relay architectures Ozgur Oyman ; 14. Reliable MAC layer and packet scheduling Ulas C. Kozat.
520 _a"Ensuring reliable communication is an important concern in short-range wireless communication systems with stringent quality of service requirements. The key characteristics of these systems, including data rate, communication range, channel profiles, network topologies, and power efficiency, are very different from those in long-range systems. This comprehensive book classifies short-range wireless technologies as high and low data-rate systems. It addresses major factors affecting reliability at different layers of the protocol stack, detailing the best ways to enhance the capacity and performance of short-range wireless systems. Particular emphasis is placed on reliable channel estimation, state-of-the-art interference mitigation techniques and cooperative communications for improved reliability. The book also provides detailed coverage of related international standards including UWB, ZigBee, and 60 GHz communications. With a balanced treatment of theoretical and practical aspects of short-range wireless communications and with a focus on reliability, this is an ideal resource for practitioners and researchers in wireless communications"-
650 0 _aWireless communication systems
_xReliability
_937011
653 _bENGELC
_cDecember2014
655 _vreading book
_934232
700 1 _aGüvenç, Ismail
_937010
_eeditor.
942 _2ddc
_k621.384 REL
999 _c18809
_d18781